Statistiques concernant Pays européens par frontières en 30 secondes

Cliquez ici pour prendre le quiz!

Statistiques générales

  • Ce quiz a été pris 1,065 fois
  • Le résultat moyen est 39 sur 45

Statistiques - réponses

pays % Correct
France
100%
Italie
99%
Suisse
99%
Espagne
99%
Allemagne
99%
Pays-Bas
98%
Belgique
98%
Andorre
98%
Luxembourg
97%
Norvège
96%
Pologne
96%
Finlande
96%
Russie
95%
Ukraine
95%
Hongrie
94%
Biélorussie
94%
Autriche
94%
Lituanie
91%
Suède
90%
Lettonie
90%
Serbie
90%
Estonie
89%
Slovénie
89%
Bulgarie
89%
Roumanie
89%
Macédoine
88%
Tchequie
87%
Slovaquie
86%
Royaume-Uni
85%
Portugal
85%
Albanie
85%
Irlande
85%
Grèce
85%
Croatie
83%
Monténégro
81%
Monaco
81%
Bosnie-
Herzégovine
78%
Moldavie
74%
Danemark
73%
Islande
70%
Kosovo
63%
Liechtenstein
61%
Saint-Marin
58%
Vatican
58%
Malte
34%

Distribution des résultats

Percentile by Number Answered

% des personnes avec chaque résultat

Votre développement - résultats

Vous n’avez pas pris ce quiz